ბათუმის შოთა რუსთაველის სახელმწიფო უნივერსიტეტის ბიბლიოთეკა

Мировая политика и международные отношения / (ბიბ.ჩანაწერი № 41264)

000 -LEADER
fixed length control field 00879nam a2200229Ia 4500
001 - CONTROL NUMBER
control field 7917
003 - CONTROL NUMBER IDENTIFIER
control field GE_BSU
005 - DATE AND TIME OF LATEST TRANSACTION
control field 20220930142704.0
008 - FIXED-LENGTH DATA ELEMENTS--GENERAL INFORMATION
fixed length control field 181216sru 2011xx |||||||||||||| ||rus||
020 ## - INTERNATIONAL STANDARD BOOK NUMBER
International Standard Book Number 9785756706185
040 ## - CATALOGING SOURCE
Transcribing agency GE_BSU
041 ## - LANGUAGE CODE
Language code of text/sound track or separate title rus
080 ## - UNIVERSAL DECIMAL CLASSIFICATION NUMBER
Universal Decimal Classification number 327(100) A-97
100 ## - MAIN ENTRY--PERSONAL NAME
Personal name Ачкасов,В.А.
9 (RLIN) 14929
245 ## - TITLE STATEMENT
Title Мировая политика и международные отношения /
Statement of responsibility, etc. В.А. Ачкасов, С.А. Ланцов.
264 ## - PRODUCTION, PUBLICATION, DISTRIBUTION, MANUFACTURE, AND COPYRIGHT NOTICE
Place of production, publication, distribution, manufacture Москва :
Name of producer, publisher, distributor, manufacturer CАспект Пресс,
Date of production, publication, distribution, manufacture, or copyright notice 2011.
300 ## - PHYSICAL DESCRIPTION
Extent 480 стр.:
Dimensions 21 см.
653 ## - INDEX TERM--UNCONTROLLED
keyword Мировая политика и международные отношения
653 ## - INDEX TERM--UNCONTROLLED
keyword მსოფლიო პოლიტიკა და საერთაშორისო ურთიერთობები
700 ## - ADDED ENTRY--PERSONAL NAME
Personal name Ланцов,С.А.
9 (RLIN) 14930
942 ## - ADDED ENTRY ELEMENTS (KOHA)
Koha item type წიგნი
Source of classification or shelving scheme
ეგზემპლარები
Withdrawn status Lost status Source of classification or shelving scheme Damaged status Not for loan Permanent Location Current Location Shelving location Date acquired Cost, normal purchase price Full call number Barcode Date last seen Copy number Price effective from Koha item type Public note
          ბათუმის შოთა რუსთაველის სახელმწიფო უნივერსიტეტის მთავარი ბიბლიოთეკა ბათუმის შოთა რუსთაველის სახელმწიფო უნივერსიტეტის მთავარი ბიბლიოთეკა წიგნსაცავი 2018-12-17 46.00 327(100) A-97 24392 2018-12-17 24392 2018-12-17 წიგნი 46.00